00325nam a2200109Ia 4500008004100000082000800041100001900049245002700068942000600095952009900101999001500200240331s9999 xx 000 0 und d bILA aIlanthirian, S 0aPuduthamil mutalvarhal cL 001040708LaWERCLbWERCLcSSCd2024-03-31l0o 894.811 ILAp1639r2024-03-31w2024-03-31yL c4055d4055